000
00285nam a22001217a 4500
008
170904b xxu||||| |||| 00| 0 eng d
041
_a
eng
080
_a
070
100
_a
40
101
_a
MED
245
_a
PROTECTING STUDY VOLUNTERS IN RESEARCH
_c
DUNN.C.M
942
_2
udc
_c
BK
999
_c
25916
_d
25916